000 00437nam a22001697a 4500
005 20240109125218.0
008 190530b xxu||||| |||| 00| 0 eng d
020 _a978-81-85790-35-0
041 _aeng
100 _aYADAV, DR, A V.,YADAV,B.V.,AND SHAIKH,T.I
_98347
245 _aHANDBOOK OF CLINICAL PHARMACY
250 _a10th, Ed. 2019
260 _aPUNE
_bNIRALI PRAKASHAN
300 _a17.4 p,
650 _aPHARMACY
942 _cBK
999 _c5906
_d5904